Series of Things #3 - Statistics

General Stats
  • This quiz has been taken 75,920 times
    31,330 since last reset
  • The average score is 12 of 22
Answer Stats
Series Next in order % Correct
Solid, Liquid Gas
98%
Decade, Century Millennium
88%
Un, Deux Trois
82%
AZ, BY, CX DW
78%
Triangle, Quadrilateral Pentagon
72%
II, IV, VIII, XVI XXXII
72%
Veni, Vidi Vici
70%
Infrared, Visible Light Ultraviolet
69%
Matthew, Mark, Luke John
65%
Antepenultimate, Penultimate Ultimate
58%
Scalene, Isosceles Equilateral
52%
London, Rio de Janeiro, Tokyo Paris
51%
Fellowship of the Ring, The Two Towers Return of the King
48%
Pichu, Pikachu Raichu
45%
1, 8, 27 64
44%
Class, Phylum Kingdom
39%
Lithium, Sodium Potassium
38%
Georgian, Victorian {Edward}ian
34%
Greenland, New Guinea, Borneo Madagascar
34%
Catherine of Aragon, Anne Boleyn Jane Seymour
31%
Ophanim, Cherubim Seraphim
22%
Battalion, Regiment, Brigade Division
15%
No matching quizzes found
Score Distribution
Percent of People with Each Score
Percentile by Number Answered
Your Score History
You have not taken this quiz since the last reset